প্রেমাংশুর রক্ত চাই / (Record no. 64872)
[ view plain ]
| 000 -LEADER | |
|---|---|
| fixed length control field | 00837nam a2200241 a 4500 |
| 001 - CONTROL NUMBER | |
| control field | 64872 |
| 003 - CONTROL NUMBER IDENTIFIER | |
| rucl marc code | BD-RjUL |
| 005 - DATE AND TIME OF LATEST TRANSACTION | |
| control field | 20211209081349.0 |
| 008 - FIXED-LENGTH DATA ELEMENTS--GENERAL INFORMATION | |
| fixed length control field | 170223s1970 bg |||| |||| 000 0 ben d |
| 020 ## - INTERNATIONAL STANDARD BOOK NUMBER | |
| Terms of availability | : Tk. 3.00 |
| 035 ## - SYSTEM CONTROL NUMBER | |
| System control number | (BD-RjUL)65002 |
| 040 ## - CATALOGING SOURCE | |
| Original cataloging agency | BD-RjUL |
| Language of cataloging | ben |
| Transcribing agency | BD-RjUL |
| Modifying agency | BD-RjUL |
| 041 ## - LANGUAGE CODE | |
| Language code of text/sound track or separate title | ben |
| 082 ## - DEWEY DECIMAL CLASSIFICATION NUMBER | |
| Edition number | 23 |
| Classification number | 891.441 |
| Author mark and year | GUP 1970 |
| 100 1# - MAIN ENTRY--PERSONAL NAME | |
| Personal name | গুণ, নির্মলেন্দু |
| 9 (RLIN) | 179544 |
| 245 1# - TITLE STATEMENT | |
| Title | প্রেমাংশুর রক্ত চাই / |
| Statement of responsibility, etc. | নির্মলেন্দু গুণ |
| 250 ## - EDITION STATEMENT | |
| Edition statement | ২ য় সং. |
| 260 ## - PUBLICATION, DISTRIBUTION, ETC. (IMPRINT) | |
| Place of publication, distribution, etc. | ঢাকা : |
| Name of publisher, distributor, etc. | খান বাদার্স এন্ড কোং. ; |
| Date of publication, distribution, etc. | ১৯৭০ |
| 300 ## - PHYSICAL DESCRIPTION | |
| Pagination | ৬৩ পৃ. : |
| Size | ১৯ সেমি. |
| 650 ## - SUBJECT ADDED ENTRY--TOPICAL TERM | |
| Topical term or geographic name as entry element | বাংলাকবিতা |
| 9 (RLIN) | 171326 |
| Topical term or geographic name as entry element | Bengali poetry |
| 9 (RLIN) | 179514 |
| 942 ## - ADDED ENTRY ELEMENTS (KOHA) | |
| Source of classification or shelving scheme | Dewey Decimal Classification |
| Koha item type | Books |
| Lost status | Source of classification or shelving scheme | Damaged status | Not for loan | Collection code | Permanent Location | Current Location | Shelving location | Date acquired | Source of acquisition | Cost, normal purchase price | Total Checkouts | Full call number | Date last seen | Copy number | Koha item type |
|---|---|---|---|---|---|---|---|---|---|---|---|---|---|---|---|
| Dewey Decimal Classification | Not For Loan | Non-fiction | Central Library, University of Rajshahi | Central Library, University of Rajshahi | Reading Room | 08/09/1973 | Nowrj kittan | 3.00 | B 891.441 GUP 1970 | 23/02/2017 | C-1 | Books |